000 00927nam a2200277 i 4500
003 DO-SdBNP
005 20240619112826.0
007 ta
008 240619b2005 ve ||||| |||| 00| 0 spa d
020 _a9800113517
040 _aDO-SdBNP
_bspa
_cBNPHU
_erda
082 4 _222
100 _aGlissant, Edouard,
_eautor
_984668
245 1 3 _aEl discurso antillano /
_cEdouard Glissant ; traducción, Aura Marina Boadas, Amelia Hernández
264 _aCaracas, Venezuela :
_bMonte Ávila,
_c2005.
300 _a463 páginas ;
_c20 cm.
336 _2rdacontent
_atexto
_btxt
337 _2rdamedia
_asin mediación
_bnc
338 _2rdacarrier
_avolumen
_bnc
500 _aIncluye referencias bibliográficas y notas al pie de las páginas
590 _aInventariado, 2024/BT
700 1 _aBoadas, Aura Marina,
_etraductora
_985711
700 1 _aHernández, Amelia,
_etraductora
_985712
910 _aBtavárez
942 _2ddc
_cLBS1
999 _c56894
_d56894